Modelación de sistemas de información: un enfoque metodológico y práctico

Enregistré dans:
Détails bibliographiques
Auteur principal: Jiménez Alzate, Álvaro Iván (Auteur)
Format: Livre
Langue:espagnol
Publié: Cali Universidad Santiago de Cali 2009
Édition:2a. ed
Sujets:
Tags: Ajouter un tag
Pas de tags, Soyez le premier à ajouter un tag!

MARC

LEADER 00000cam a2200000 a 4500
001 UCE0539
003 CL-VaPUC
008 140124e20090500ck |||||||||||||||||spa|d
020 |a 9588119715 
082 0 4 |a 658.403  |b JIM  |2 21 
100 |a Jiménez Alzate, Álvaro Iván  |e author  |9 572889 
245 1 0 |a Modelación de sistemas de información: un enfoque metodológico y práctico 
250 |a 2a. ed 
300 |a 412 p 
942 |c BK 
945 |d 20140124 15:34:00  |a dcastane 
260 |a Cali  |b Universidad Santiago de Cali  |c 2009 
650 0 |a Sistemas de información   |9 260286 
650 0 |a Aplicaciones de computación  |9 572890 
650 0 |a Toma de decisiones   |9 257530 
583 |a last modification  |c 20140124 15:34:00  |k Rodrigo Vera 
999 |c 354628  |d 354626 
952 |0 0  |1 0  |3 erb  |4 0  |6 658_403000000000000_JIM_2009  |7 0  |8 A  |9 460607  |a BIBING  |b BIBING  |i 5053617  |o 658.403 JIM 2009  |p 5053617  |r 2025-01-20  |w 2019-11-23  |y BK  |z Catalogado en:20140124  |k EII